000 00854cab a2200241 4500
001 WB3332-28
008 090401t1997 xxu||||| |||| 00| 0 eng d
035 _a(Sirsi) u80236
041 _aeng
245 _aMaterial considerations
260 _c1997
350 _a0
490 _aEstates Gazette Case Summaries
_v[1997] EGCS 130
520 _a"MJT Securities Ltd v SoS Environment" CA 30 July 1997. Planning permission for filling station denied. Inspector found local need outweighed by material harm. Judge quashed inspector`s decision. Appeal by SoS allowed.
650 _aBOLTON METROPOLITAN DC V SOS ENVIRONMENT
650 _aMATERIAL CONSIDERATION
650 _aPETROL FILLING STATIONS
650 _aPLANNING PERMISSION
650 _aRURAL AREA
690 _aPLANNING LAW AND PRACTICE-CASE LAW
942 _n0
948 _c13/08/1997
999 _c50506
_d50506